Normal view MARC view
  • Atkins, Harold N.

Entry Personal Name

Number of records used in: 1

001 - CONTROL NUMBER

  • control field: 33995

003 - CONTROL NUMBER IDENTIFIER

  • control field: OSt

005 - DATE AND TIME OF LATEST TRANSACTION

  • control field: 20131009135537.0

008 - FIXED-LENGTH DATA ELEMENTS

  • fixed length control field: 131009|| aca||aabn | a|a d

040 ## - CATALOGING SOURCE

  • Original cataloging agency: OSt
  • Transcribing agency: OSt

100 ## - HEADING--PERSONAL NAME

  • Personal name: Atkins, Harold N.

670 ## - SOURCE DATA FOUND

  • Source citation: Work cat.: (OSt)0: Atkins, Harold N., Highway materials, soils, and concretes /, c2003.